| 000 | 00853nam a2200217Ia 4500 | ||
|---|---|---|---|
| 999 |
_c38014 _d38014 |
||
| 001 | 3999 | ||
| 003 | GE_BSU | ||
| 005 | 20190829151316.0 | ||
| 008 | 181216s1979||||ge |||||||||||||| ||geo|| | ||
| 040 | _cGE_BSU | ||
| 041 | _ageo | ||
| 080 | _a378(061) თ–40 | ||
| 245 |
_aთბილისის უნივერსიტეტის შრომები : _bტ. 206 : აღმოსავლეთმცოდნეობა / _cრედ. დ. კობიძე. |
||
| 264 |
_aთბილისი : _bთბილისის უნ-ტის გამ-ბა, _c1979. |
||
| 300 |
_a202 გვ. _b26 სმ. |
||
| 541 | _h3 ლ. | ||
| 653 | _aშრომები | ||
| 653 | _a აღმოსავლეთმცოდნეობა | ||
| 700 |
_aკობიძე, დ. _eრედაქტორი _93828 |
||
| 942 |
_cBK _2udc |
||